|
|
|
|
| LEADER |
00000cam a2200000 a 4500 |
| 001 |
vtls011605997 |
| 003 |
SK-MaSNL |
| 005 |
20260302052702.0 |
| 008 |
240318s2016 xo a g nf 000 0 slo |
| 015 |
|
|
|a SNBA2017/10
|
| 020 |
|
|
|a 9788097227715
|q (brož.)
|
| 035 |
|
|
|a urn:nbn:sk:snk-am00d5q6
|
| 035 |
|
|
|a urn:nbn:sk:snk-am3hql3
|
| 035 |
|
|
|a 7FC3E29C-3438-4B18-86D1-999D2901B11E
|
| 040 |
|
|
|a SNK
|b slo
|c SNK
|e AACR2
|
| 041 |
0 |
|
|a slo
|
| 044 |
|
|
|a xo
|c SK
|
| 072 |
|
7 |
|a 373.2/.3
|x Predškolská a primárna výchova a vzdelávanie
|2 konspekt
|
| 072 |
|
7 |
|a 159.95
|x Vyššie duševné procesy
|2 konspekt
|
| 080 |
|
|
|a 373.2
|2 2011
|
| 080 |
|
|
|a 379.8:793/796
|2 2011
|
| 080 |
|
|
|a 688.723
|2 2011
|
| 080 |
|
|
|a 159.954
|2 2011
|
| 080 |
|
|
|a (035)
|2 2011
|
| 080 |
|
|
|a 316.346.32-053.4
|2 2011
|
| 100 |
1 |
|
|a Kováčová, Barbora,
|d 1975-
|4 aut
|9 213679
|
| 245 |
1 |
0 |
|a 44 hier na podporu hry s bábkou pre deti predškolského veku
|c Barbora Kováčová
|
| 246 |
3 |
0 |
|a Štyridsaťštyri hier na podporu hry s bábkou pre deti predškolského veku
|
| 250 |
|
|
|a 1. vyd.
|
| 260 |
|
|
|a Hliník nad Hronom
|b Reziliencia
|c 2016
|
| 300 |
|
|
|a 63 s.
|b ilustr., sch., tab.
|c 21 cm
|
| 490 |
1 |
|
|a Predškolská výchova
|
| 504 |
|
|
|a Bibliogr.: s. 62-63
|
| 650 |
0 |
7 |
|a predškolská výchova
|2 SNKPH
|9 3959
|
| 650 |
0 |
7 |
|a Preschool education
|2 SNKPHeng
|9 267868
|
| 650 |
0 |
7 |
|a Games
|2 SNKPHeng
|9 302601
|
| 650 |
0 |
7 |
|a hry
|2 SNKPH
|9 1856
|
| 650 |
0 |
7 |
|a deti predškolského veku
|2 SNKPH
|9 4103
|
| 650 |
0 |
7 |
|a Preschool children
|2 SNKPHeng
|9 306219
|
| 650 |
0 |
7 |
|a bábky
|2 SNKPH
|9 17392
|
| 650 |
0 |
7 |
|a Puppets
|2 SNKPHeng
|9 315109
|
| 650 |
0 |
7 |
|a kreativita
|2 SNKPH
|9 4339
|
| 650 |
0 |
7 |
|a Creative ability
|2 SNKPHeng
|9 274857
|
| 655 |
|
7 |
|a príručky
|2 SNKPH
|9 74364
|
| 655 |
|
7 |
|a Handbooks, manuals, etc.
|2 SNKPHeng
|9 90964
|
| 830 |
|
0 |
|a Predškolská výchova
|9 414402
|
| 852 |
|
|
|a Štátna vedecká knižnica v Banskej Bystrici
|
| 919 |
|
|
|a 978-80-972277-1-5
|
| 958 |
|
|
|a NB
|
| 999 |
|
|
|c 1106187
|d 1108117
|
| 952 |
|
|
|a SNK
|b SNK
|y PREZ
|7 0
|p 17A1271988
|o snkSC 176197
|i snk2017/20571
|8 0
|0 0
|1 0
|4 0
|d 2017-09-22
|f 1
|l 0
|r 2025-09-17 00:00:00
|w 2026-02-24
|
| 952 |
|
|
|a SNK
|b SNK
|y VYP
|7 0
|p 17A1271989
|o snkSC 176197 D1
|i snk2017/20572
|8 0
|0 0
|1 0
|4 0
|d 2017-09-22
|l 0
|r 2026-02-24 17:45:39
|w 2026-02-24
|